<?xml version="1.0" encoding="UTF-8"?>
<record
    xmlns:xsi="http://www.w3.org/2001/XMLSchema-instance"
    xsi:schemaLocation="http://www.loc.gov/MARC21/slim http://www.loc.gov/standards/marcxml/schema/MARC21slim.xsd"
    xmlns="http://www.loc.gov/MARC21/slim">

  <leader>00726nam a22001697a 4500</leader>
  <datafield tag="999" ind1=" " ind2=" ">
    <subfield code="c">60763</subfield>
    <subfield code="d">60763</subfield>
  </datafield>
  <controlfield tag="005">20231019122747.0</controlfield>
  <controlfield tag="008">231019s1982    ru ||||| |||| 00| 0 rus d</controlfield>
  <datafield tag="041" ind1=" " ind2=" ">
    <subfield code="a">rus</subfield>
  </datafield>
  <datafield tag="080" ind1=" " ind2=" ">
    <subfield code="a">008(45)(091) &#x41F;-30</subfield>
  </datafield>
  <datafield tag="100" ind1=" " ind2=" ">
    <subfield code="a">&#x41F;&#x435;&#x442;&#x440;&#x43E;&#x432;, &#x41C;.&#x422;.</subfield>
    <subfield code="9">20129</subfield>
  </datafield>
  <datafield tag="245" ind1=" " ind2=" ">
    <subfield code="a">&#x418;&#x442;&#x430;&#x43B;&#x44C;&#x44F;&#x43D;&#x441;&#x43A;&#x430;&#x44F; &#x438;&#x43D;&#x442;&#x435;&#x43B;&#x43B;&#x438;&#x433;&#x435;&#x43D;&#x446;&#x438;&#x44F; &#x432; &#x44D;&#x43F;&#x43E;&#x445;&#x443; &#x420;&#x435;&#x43D;&#x435;&#x441;&#x441;&#x430;&#x43D;&#x441;&#x430; /</subfield>
    <subfield code="c">&#x41C;.&#x422;.  &#x41F;&#x435;&#x442;&#x440;&#x43E;&#x432;. &#x41F;&#x43E;&#x434;. &#x440;&#x435;&#x434;. &#x412;.&#x418;. &#x420;&#x443;&#x442;&#x435;&#x43D;&#x431;&#x443;&#x440;&#x433;&#x430;.</subfield>
  </datafield>
  <datafield tag="264" ind1=" " ind2=" ">
    <subfield code="a">&#x41B;&#x435;&#x43D;&#x438;&#x43D;&#x433;&#x440;&#x430;&#x434;: </subfield>
    <subfield code="b">&#x41D;&#x430;&#x443;&#x43A;&#x430;, </subfield>
    <subfield code="c">1982.</subfield>
  </datafield>
  <datafield tag="300" ind1=" " ind2=" ">
    <subfield code="a">217 &#x441;.:</subfield>
    <subfield code="b">20 &#x441;&#x43C;.</subfield>
  </datafield>
  <datafield tag="653" ind1=" " ind2=" ">
    <subfield code="a">&#x10D8;&#x10E2;&#x10D0;&#x10DA;&#x10D8;&#x10D4;&#x10DA;&#x10D8; &#x10D8;&#x10DC;&#x10E2;&#x10D4;&#x10DA;&#x10D8;&#x10D2;&#x10D4;&#x10DC;&#x10EA;&#x10D8;&#x10D0; &#x10E0;&#x10D4;&#x10DC;&#x10D4;&#x10E1;&#x10D0;&#x10DC;&#x10E1;&#x10D8;&#x10E1; &#x10D3;&#x10E0;&#x10DD;&#x10E1;</subfield>
  </datafield>
  <datafield tag="700" ind1=" " ind2=" ">
    <subfield code="a">&#x420;&#x443;&#x442;&#x435;&#x43D;&#x431;&#x443;&#x440;&#x433;, &#x412;.&#x418;. </subfield>
    <subfield code="e">&#x10E0;&#x10D4;&#x10D3;&#x10D0;&#x10E5;&#x10E2;&#x10DD;&#x10E0;&#x10D8;</subfield>
    <subfield code="9">20130</subfield>
  </datafield>
  <datafield tag="942" ind1=" " ind2=" ">
    <subfield code="2">udc</subfield>
    <subfield code="c">BK</subfield>
  </datafield>
  <datafield tag="952" ind1=" " ind2=" ">
    <subfield code="0">0</subfield>
    <subfield code="1">0</subfield>
    <subfield code="2">udc</subfield>
    <subfield code="4">0</subfield>
    <subfield code="6">00845091_&#x41F;30</subfield>
    <subfield code="7">0</subfield>
    <subfield code="9">96097</subfield>
    <subfield code="a">CPL</subfield>
    <subfield code="b">CPL</subfield>
    <subfield code="c">GEN</subfield>
    <subfield code="d">2023-10-19</subfield>
    <subfield code="g">5.00</subfield>
    <subfield code="o">008(45)(091) &#x41F;-30</subfield>
    <subfield code="p">65343</subfield>
    <subfield code="r">2023-10-19</subfield>
    <subfield code="t">65343</subfield>
    <subfield code="u">&#x10D1;&#x10E1;&#x10E3;-&#x10E1; &#x10E1;&#x10D0;&#x10DE;&#x10D0;&#x10E2;&#x10D8;&#x10DD; &#x10D3;&#x10DD;&#x10E5;&#x10E2;&#x10DD;&#x10E0;&#x10D8;&#x10E1; &#x10D2;&#x10E3;&#x10E0;&#x10D0;&#x10DB; &#x10DA;&#x10DD;&#x10E0;&#x10D7;&#x10E5;&#x10D8;&#x10E4;&#x10D0;&#x10DC;&#x10D8;&#x10EB;&#x10D8;&#x10E1; &#x10E1;&#x10D0;&#x10E9;&#x10E3;&#x10E5;&#x10D0;&#x10E0;&#x10D8;</subfield>
    <subfield code="w">2023-10-19</subfield>
    <subfield code="y">BK</subfield>
    <subfield code="z">5 &#x10DA;.</subfield>
  </datafield>
</record>
